000 00528nam a2200181Ia 4500
005 20250508151255.0
008 008 250505s9999 xx 000 0 eng d
037 _aTextual
040 _aFEDL
_beng
_cFEDL
041 _aeng
_2eng
084 _a379.12, NOR
_qFEDL
100 _aNorton John K
_9758750
245 0 _aAbility of the states to support education
260 _aWashington, USA
_bNational Education Association
_c1926
300 _a88p.
942 _cTEXL
_h379.12, NOR
999 _c1328783
_d1328783